[Event "Khanty-Mansiysk ol (Men) 39th"]
[Site "Khanty-Mansiysk"]
[Date "2010.09.22"]
[Round "2.3"]
[White "Peralta, Fernando"]
[Black "Polgar, Judit"]
[Result "0-1"]
[WhiteElo "2572"]
[BlackElo "2682"]
[Annotator "Marin,M"]
[PlyCount "102"]
[EventDate "2010.09.21"]
[EventType "team-swiss"]
[EventRounds "11"]
[EventCountry "RUS"]
[Source "ChessBase"]
[SourceDate "2010.11.18"]
[WhiteTeam "Argentina"]
[BlackTeam "Hungary"]
[WhiteTeamCountry "ARG"]
[BlackTeamCountry "HUN"]

1. d4 Nf6 2. c4 g6 3. Nc3 Bg7 4. e4 d6 5. Nf3 O-O 6. Be2 e5 7. Be3 Ng4 8. Bg5
f6 9. Bh4 Nc6 10. d5 Ne7 {The position is similar to that arising from the Mar
del Plata variation, but with two important differences. The h4-bishop and the
g4-knight are placed in different, less favourable ways and will need some
time for regrouping. Who will be able to adjust to the slightly changed
circumstances? The result of the game greately depends on the answer to this
question.} 11. Nd2 {Immediately attacking the enemy knight with a generally
harmonious move. Otherwise, Black would get to play ...f5 under favourable
circumstances.} f5 $5 {This changes the character of the position drastically.
Black spoils the mobility of his structure, but open the f-file for his attack
and gets a threatening kingside space advantage. besides, he will also be
rewarded with the bishops pair.} ({On the next day, Judit switched to the more
solid} 11... Nh6 12. O-O (12. f3 {opens the bishop's way for retreat, but
closes the e2-h5 diagonal for his colleague. Besides, it is a bit slow.} c5 {
Having been given a tempo, Black usually spends it on trying to close the
queenside. A recent game a top level went} 13. dxc6 $5 bxc6 14. b4 Be6 15. Nb3
d5 16. cxd5 cxd5 17. exd5 Nxd5 18. Nxd5 Bxd5 19. O-O Nf5 20. Bf2 Bh6 $132 {and
Black had active play in Gelfand,B (2741)-Radjabov,T (2740)/Astrakhan 2010/CBM
137 (1/2, 40)}) 12... g5 13. Bg3 f5 14. exf5 Bxf5 $5 $146 {A natural
developing move, consolidating the kingside and putting some pressure on the
e4-square.} (14... Nhxf5 {allows White set up a domination on light squares
with} 15. Bh5 Nd4 16. f3 {The counterplay starting with} b5 $5 17. cxb5 Rb8 {
eventually was successfull in Onischuk,A (2652)-Bologan,V (2679)/Poikovsky
2004/CBM 100 (0-1, 31), but its soundness is not entirely clear.}) 15. c5 Ng6
16. cxd6 cxd6 17. Nc4 Nf4 18. Re1 Bg6 19. Rc1 Nxe2+ 20. Qxe2 Nf5 21. Ne4 h5 $6
{This may be too slow. Traditionally, Black is supposed to attack on the
kingside, but play on two wings also is part of the opening's spirit.} (21...
b5 $5 22. Ncd2 Qa5 {[%cal Gb5b4,Ga5d5,Ya2a3] would cause White some problems
defending d5 and a2.} 23. Nxg5 Nd4 24. Qd1 Qxa2 $132) 22. f3 Bh6 23. Bf2 Kh7
24. g4 $1 {White stabilizes the kingside now and has a pleasant position.} Nh4
25. Rc3 hxg4 26. fxg4 Bxe4 27. Qxe4+ Kh8 28. Bg3 $14 {Black had to suffer for
a while before reaching a draw in Hracek,Z (2633)-Polgar,J (2682)/
Khanty-Mansiysk 2010/CBM 139 (1/2, 59)}) ({The third possibility, also tried
at the Olympiad, is} 11... h5 {This fights for space, but in the long run the
weakening of the kingside may tell.} 12. h3 Nh6 13. f3 c5 14. g4 hxg4 15. hxg4
Nf7 16. Bd3 Bd7 17. Rb1 $1 $146 {Black's kingside is well defended so far,
because most of his minor pieces are massed around the king. This leaves the
other wing insufficiently well defended, which justifies opening the position
there.} ({Playing for attack offers White little:} 17. Qe2 Nc8 18. Bf2 Bh6 19.
Be3 Bxe3 20. Qxe3 Kg7 21. O-O-O Rh8 22. Rdg1 Ne7 23. Qe1 Qa5 24. Rxh8 Rxh8 25.
Rh1 Qd8 $11 {Black equalized and even took over the initiative in the ening,
Bacrot,E (2720)-Nakamura,H (2729)/Sestao 2010/CBM 138 (1/2, 97)}) 17... Nc8 18.
b4 b6 19. Bc2 Bh6 20. a3 Kg7 21. Ba4 Bxa4 22. Qxa4 Rh8 23. Ke2 Ne7 24. Bf2 $14
{The kingside is stable, while on the queenside the initiative is White's,
Topalov,V (2803)-Matamoros Franco,C (2542)/Khanty-Mansiysk RUS 2010/CBM 139 
(1-0, 42)}) 12. Bxg4 fxg4 13. Bg5 {The main continuation.} (13. O-O h6 {[%cal
Gg6g5] would leave the bishop on a passive position.}) 13... h6 ({The
extravagant, but possibly half correct} 13... Rf4 {was also tried at
grandmaster level. White is invited to either open the long diagonal or weaken
his kingside with g2-g3.} 14. O-O (14. g3 {offers Black good counterplay:} Rf7
15. b4 c6 16. O-O h6 17. Be3 g5 18. Nb3 cxd5 19. cxd5 Ng6 20. a4 Nf4 $132 {
Sakaev,K (2555)-Poluljahov,A (2510)/Alushta 1994/CBM 042 (1/2, 37)}) 14... h6
15. Bxf4 exf4 16. Nb3 g5 17. Nd4 Bxd4 18. Qxd4 Ng6 19. Ne2 f3 20. Ng3 Ne5 21.
Rae1 Qf6 22. Re3 Bd7 23. Nf5 fxg2 24. Kxg2 Bxf5 25. exf5 Qxf5 $44 {Shulman,Y 
(2435)-Poluljahov,A (2485)/Gausdal 1994/EXT 97 (1/2, 35). Of course, the
correctness of this exchange sacrifice should be checked still.}) 14. Be3 b6 $5
{Slowing down the queenside attack and opening some diagonals for the
c8-bishop.} (14... g5 {allows White a pleasant queenside attack with} 15. c5
$14) 15. O-O g5 16. b4 Ng6 17. a4 $146 {[%cal Ga4a5] White does not feel like
letting the bishop emerge on the a6-f1 diagonal.} (17. c5 bxc5 $5 $146 ({The
extravagant} 17... Nh4 $6 18. Nc4 Rf4 $6 {failed to generate any concrete
threats and left White free hands on the queenside:} 19. Rc1 Bf8 20. a4 Rb8 21.
Nb5 Rxe4 22. Nxa7 Qe8 23. Nxc8 Rxc8 24. Qd3 Qg6 25. cxd6 cxd6 26. Nxe5 $1 $18 {
Brenninkmeijer,J (2475)-Van Wely,L (2445)/Wijk aan Zee 1990/CBM 017 (1-0, 32)})
18. bxc5 Ba6 19. Re1 h5 {[%csl Gg4]} 20. Qa4 Bd3 21. Nb3 Nf4 {Black's threats
start looking more concrete. White should find a way to harrass the intruding
bishop.} 22. Red1 Bc2 23. Rd2 Bxb3 24. axb3 h4 25. Qc6 Qf6 $132 {The strong
threat of ...Nxg2, followed by ...Qf3+ and either ...g3 or ...h3 is not easy
to parry.}) 17... a5 $1 {The natural recation, fighting back for space,
although the blockade is impossible to maintain.} 18. bxa5 Rxa5 19. Nb3 Ra6 20.
a5 bxa5 21. c5 (21. Nxa5 c5 {closes the queenside.}) 21... Nf4 22. Nxa5 h5 23.
Nc4 Rxa1 24. Qxa1 Qf6 25. cxd6 cxd6 {A critical moment of the game. Each side
has its trumps. White's strategic advantage on the queenside is obvious, but
Black maintains tactical threats on the kingside.} 26. Nb6 {Possibly, the
safest continuation, maintaining the overall coordination and preparing the
thematic exchange of the c8-bishop. Despite the engines' initial optimism,
each of the ways of continuing the queenside attack has a hidden drawback.} (
26. Qa3 $6 {[%csl Gf1] leaves the f1-rook undefended, allowing a favourable
form of the sacrifice on g2.} Nxg2 $1 27. Kxg2 $2 Qf3+ 28. Kg1 g3 $1 {[%cal
Gc8h3]} 29. Nd2 gxh2+ 30. Kxh2 Qh3+ 31. Kg1 Qg4+ 32. Kh2 Qh4+ 33. Kg1 Bh3 34.
Ne2 Rf3 $3 35. Nxf3 Qg4+ 36. Ng3 Qxf3 $19) (26. Rb1 {simply abandons the
kingside to Black's mercy.} Nxg2 $1 27. Kxg2 Qf3+ 28. Kf1 (28. Kg1 $2 g3 $19)
28... h4 $40 {[%cal Gg4g3]}) (26. Nb5 {leaves the e2-square undefended,
allowing} g3 $5 (26... Nxg2 $2 {does not work out well now:} 27. Kxg2 Qf3+ 28.
Kg1 g3 29. fxg3 $18) 27. hxg3 Ne2+ 28. Kh2 (28. Kh1 $2 Nxg3+ $1) 28... h4 29.
gxh4 gxh4 30. Nbxd6 h3 $40) 26... h4 27. Qd1 Qf7 28. Nxc8 Rxc8 29. Bd2 Qd7 {
Black has eliminated a dangerous attacking piece (Bc8), but Black has perfect
coordination now and is out of strategic dangers.} 30. g3 Nh3+ 31. Kg2 Rf8 32.
f3 Qa7 $6 {Slightly over optymistic.} (32... hxg3 33. hxg3 gxf3+ 34. Rxf3 g4
35. Rxf8+ Bxf8 {should reach for equality.} 36. Nb5 Be7 {[%cal Ge7g5]} 37. Nc7
$5 Kh8 (37... Qxc7 38. Qxg4+ $16) 38. Ne6 Qa7 39. Qe1 Qa6 $132) 33. gxh4 $6 {
Unnecessarily freeing the knight.} (33. Nb5 Qc5 34. Nxd6 $1 Qxd6 35. fxg4 Nf4+
36. gxf4 exf4 37. Qe2 Be5 $14 {White may well have no chance to win this, but
Black definitely is on the defending side.}) 33... Nf4+ 34. Bxf4 $6 (34. Kh1 $5
) 34... exf4 $17 {The bishop becomes a monster now.} 35. e5 Bxe5 36. Ne4 Qh7
37. Nd2 (37. hxg5 Qh3+ 38. Kg1 g3 39. Qe2 Rb8 $40 {[%cal Gb8b2]}) 37... Qxh4
38. fxg4 f3+ 39. Nxf3 Qxg4+ 40. Kh1 Qe4 41. Kg1 Bc3 42. h3 Rf5 43. Rf2 Kg7 44.
Kg2 Bf6 45. Qc2 Qxd5 46. Qc7+ Kh6 47. Qd7 Bd4 48. Rf1 Qa2+ 49. Kg3 Be3 50. Kg4
Rf6 51. Nh4 Qc4+ 0-1

[Event "EU-ch 12th"]
[Site "Aix-les-Bains"]
[Date "2011.03.22"]
[Round "1"]
[White "Poetsch, Hagen"]
[Black "Polgar, Judit"]
[Result "1/2-1/2"]
[WhiteElo "2415"]
[BlackElo "2686"]
[PlyCount "52"]
[EventDate "2011.03.22"]
[EventType "swiss"]
[EventRounds "11"]
[EventCountry "FRA"]
[Source "ChessBase"]
[SourceDate "2011.05.17"]
[TimeControl "40/5400+30:1800+30"]

1. e4 c5 2. Nf3 e6 3. Nc3 Nc6 4. d4 cxd4 5. Nxd4 Qc7 6. Be3 a6 7. Qd2 Nf6 8.
O-O-O Bb4 (8... Be7 {L'alternative mais Bb4 est plus actif} 9. f3 h5 10. Qf2 d6
11. h3 (11. Bd3 b5 {Vachier Lagrave,M (2730)-Bocharov,D (2594) Aeroflot Open
2010 2010 (6) 1-0} (11... Ne5 $142 $1 12. h3 b5 13. Kb1 Bb7 14. g4 b4 15. Nce2
d5 $13 {Vachier-Lagrave}))) 9. f3 Ne7 10. a3 (10. Nde2 $142 {La grande ligne}
b5 11. Bf4 e5 12. Bg5 Bb7 13. Kb1 Ba5 {Anand,V (2788)-Polgar,J (2735) FIDE-Wch
San Luis 2005 (8) 1-0} (13... O-O-O $5 {Une tentative d'amélioration analysée
par Kotronias dans "the Grandmaster battle manual"})) (10. g4) 10... Bxc3 11.
Qxc3 Qxc3 12. bxc3 d5 13. e5 Nd7 14. f4 b6 15. Nb3 {80} (15. c4) 15... Bb7 {87}
16. a4 $146 {75} ({RR} 16. Kd2 Kd8 17. Be2 Kc7 18. Bf3 h5 19. Ke2 Rac8 20. Rb1
Kb8 21. Kd2 Nf5 22. Bf2 g5 23. g3 f6 24. exf6 g4 25. Bg2 d4 26. Bxb7 dxc3+ 27.
Ke2 Kxb7 28. Rhd1 Kc7 29. Nd4 Rhe8 30. Rd3 Nxf6 {Piorun,K (2445) -Vovk,Y (2549)
/Warsaw 2008/CBM 125 Extra/1-0 (44)}) 16... Rc8 {81} 17. a5 $1 {67} b5 {79} 18.
Bd4 f6 $1 19. exf6 gxf6 20. Re1 {[%csl Re5,Re6]} Kf7 21. g3 {[%csl Re6][%cal
Gf1h3] 58} Nf5 {45} 22. Bh3 Rhe8 23. Bxf5 exf5 24. Rxe8 {50  L'allemand n'est
pas impressionné par sa prestigieuse adversaire et il continue de jouer trés
vite comme à son habitude.} Rxe8 25. Kd2 $14 {[%csl Rb7,Rd5,Rf5,Rf6]} Bc8 26.
Re1 {Temps des Blancs 48mns! Temps des Noirs 24 mns} Re4 1/2-1/2

[Event "EU-ch 12th"]
[Site "Aix-les-Bains"]
[Date "2011.03.23"]
[Round "2"]
[White "Polgar, Judit"]
[Black "Philippe, Christophe"]
[Result "1-0"]
[WhiteElo "2686"]
[BlackElo "2409"]
[PlyCount "55"]
[EventDate "2011.03.22"]
[EventType "swiss"]
[EventRounds "11"]
[EventCountry "FRA"]
[Source "ChessBase"]
[SourceDate "2011.05.17"]
[TimeControl "40/5400+30:1800+30"]

1. e4 c5 2. Nf3 e6 3. d4 cxd4 4. Nxd4 Nc6 5. Nc3 a6 6. Be2 d6 7. Be3 (7. O-O
Nge7 8. Nb3 g6 9. Bf4 Ne5 10. a4 N7c6 11. Qd2 Be7 12. a5 g5 13. Be3 Ng6 14. Na4
h5 15. Rad1 Nce5 16. Nb6 Rb8 17. Nd4 Ng4 18. c4 Nxe3 19. Qxe3 Qc7 20. b4 Bd7
21. Rc1 Rd8 {Kamsky,G (2735)-Polgar,J (2675)/Monte Carlo 1996/CBM 052 ext/0-1 
(88)}) 7... Nf6 8. g4 h6 ({RR} 8... Nxd4) 9. h4 Bd7 10. Rg1 {[%emt 0:01:20]} d5
{[%emt 0:01:12]} 11. exd5 Nxd5 12. Nxd5 exd5 13. Qd2 {[%emt 0:01:12]} Rc8 {
[%emt 0:01:07]} 14. O-O-O Bb4 15. c3 {[%emt 0:01:04]} Be7 {[%emt 0:00:57]} 16.
f4 b5 17. Kb1 {[%emt 0:00:56]} Na5 {[%emt 0:00:38]} 18. Nf3 {[%emt 0:00:50]}
Bc6 $2 {[%emt 0:00:34]} (18... Nc4 $142 19. Bxc4 bxc4 {[%csl Rb2]} (19... dxc4
20. Bb6) 20. g5 (20. Qxd5 Ba4 21. Qxd8+ Bxd8 22. Rd6 Bc6 $44) 20... Bf5+ 21.
Ka1 hxg5 22. hxg5 Be4 23. Qf2 {[%cal Ge3b6]}) 19. Bd4 O-O 20. g5 $40 h5 21. Ne5
Nc4 22. Bxc4 {[%emt 0:00:44]} dxc4 {[%emt 0:00:20]} 23. Qe2 {[%emt 0:00:43]}
Qe8 {[%emt 0:00:15]} 24. Nxc6 Rxc6 25. Qe5 f6 26. Qd5+ Kh8 27. g6 f5 28. Qf3
1-0

[Event "EU-ch 12th"]
[Site "Aix-les-Bains"]
[Date "2011.03.24"]
[Round "3"]
[White "Grandelius, Nils"]
[Black "Polgar, Judit"]
[Result "0-1"]
[WhiteElo "2547"]
[BlackElo "2686"]
[PlyCount "82"]
[EventDate "2011.03.22"]
[EventType "swiss"]
[EventRounds "11"]
[EventCountry "FRA"]
[Source "ChessBase"]
[SourceDate "2011.05.17"]
[TimeControl "40/5400+30:1800+30"]

1. e4 c5 2. Nf3 d6 3. d4 cxd4 4. Nxd4 Nf6 5. Nc3 a6 6. f3 e5 7. Nb3 Be6 8. Be3
Be7 9. Qd2 h5 10. O-O-O {[%emt 0:01:28]} Nbd7 {[%emt 0:01:31]} 11. h3 ({RR} 11.
g3 Rc8 12. Nd5 Bxd5 13. exd5 Nb6 14. Bxb6 Qxb6 15. Bh3 Rc7 16. Kb1 h4 17. Qe1
Kf8 18. f4 exf4 19. gxf4 Rh5 20. Bg2 Rc4 21. Rf1 Rf5 22. Qxh4 Nh5 23. Qh3 g6
24. Rfe1 Bf6 25. Be4 Rxf4 {Anand,V (2795)-Sadler,M (2660)/Tilburg 1998/ EXT
1999/1/2-1/2 (33)}) 11... h4 (11... Rc8) 12. f4 {[%emt 0:01:17]} Rc8 {[%emt 0:
01:20]} 13. Bd3 {[%emt 0:01:15]} exf4 {[%emt 0:01:12]} 14. Bxf4 Nh5 15. Be3 Ng3
16. Rhe1 Bf6 17. Ne2 Nxe2+ 18. Bxe2 Be5 19. Kb1 {[%emt 0:00:53]} Qf6 {[%emt 0:
00:50]} 20. Nd4 Nc5 21. Bf3 Qg6 22. Bf2 Kf8 23. Qb4 {[%emt 0:00:33]} b5 {[%emt
0:00:25]} 24. Nf5 Nxe4 25. Nxh4 {[%emt 0:00:27]} Rxh4 26. Bxh4 Ng3 27. Rd2 Kg8
28. Bxg3 {[%emt 0:00:20]} Qxg3 {[%emt 0:00:12]} 29. Rf1 Rc4 30. Qa5 Ra4 31.
Qd8+ Kh7 32. a3 Qf4 33. Rfd1 {[%emt 0:00:08]} b4 {[%emt 0:00:06]} 34. Bc6 (34.
Bg4 $1 {[%cal Gd8h4]} bxa3 (34... Bxg4 35. Qh4+ Kg6 (35... Qh6 36. Qxg4) 36.
Rf2 Qg5 37. Qxg5+ Kxg5 38. hxg4 bxa3 39. c3 axb2 40. Rxb2 Bxc3 41. Rb3 Be5 $15)
(34... f5 $2 {[%csl Rh7]} 35. Qh4+ {[%csl Rh7][%cal Gh4d8]} Qh6 36. Qxh6+ gxh6
(36... Kxh6) 37. Rxd6) 35. Qh4+) 34... Qc4 35. Rd4 $2 (35. Bd5) 35... Qxc6 36.
Qh4+ Kg8 37. Qd8+ Kh7 38. Qh4+ Kg6 39. Rg4+ Bxg4 40. hxg4 Qxg2 41. Rd3 bxa3 0-1

[Event "EU-ch 12th"]
[Site "Aix-les-Bains"]
[Date "2011.03.27"]
[Round "6"]
[White "Polgar, Judit"]
[Black "Ragger, Markus"]
[Result "0-1"]
[WhiteElo "2686"]
[BlackElo "2614"]
[Annotator "Ftacnik,L"]
[PlyCount "78"]
[EventDate "2011.03.22"]
[EventType "swiss"]
[EventRounds "11"]
[EventCountry "FRA"]
[Source "ChessBase"]
[SourceDate "2011.05.17"]

1. e4 c6 2. d4 d5 3. f3 Qb6 {Black is reacting to the less standard line of
his opponent with an equally atypical idea - the first piece developed is the
queen.} 4. Nc3 dxe4 5. fxe4 e5 {The fight against the mighty pawn centre is
part of the compulsory program for Black.} 6. dxe5 (6. Nf3 exd4 7. Qxd4 (7.
Nxd4 Bc5 8. Na4 Qa5+ 9. c3 Be7 10. b4 Qe5 11. Bd3 Nf6 12. O-O O-O 13. Bf4 Qh5
14. Qe1 Re8 15. Qg3 $16 {1-0 Vitiugov,N (2555)-Janjgava,L (2479)/Martuni 2006 
(35)}) 7... Qxd4 8. Nxd4 Bc5 9. Nf5 (9. Nb3 Bd6 10. Be3 Nf6 11. O-O-O Be5 12.
Nd4 Nbd7 13. Bc4 Ng4 14. Bg1 Bf4+ 15. Kb1 Nde5 16. Bb3 $11 {1/2-1/2 Gergacz,A 
(2425)-Kreisl,R (2376)/Austria 2010 (43)}) 9... g6 10. Be3 Bxe3 11. Nxe3 Be6
12. Nc4 Bxc4 13. Bxc4 Nd7 14. O-O Ne5 15. Bb3 Rd8 16. Rf2 Ne7 17. Raf1 Rf8 18.
Ne2 Nc8 19. Nf4 $11 {1/2-1/2 Benjamin,J (2575)-Kacheishvili,G (2606)/ICC INT
2009 (75)}) 6... Be6 {The weakened diagonal a7-g1 can have a magic attraction,
but even the battery of two pieces would not promise any gains.} (6... Bc5 7.
Nf3 (7. Bc4 Bxg1 8. Qf3 Be6 9. Bxe6 fxe6 10. Bg5 Qf2+ 11. Qxf2 Bxf2+ 12. Kxf2
Nd7 13. Ne2 Nxe5 14. Nd4 Nf6 15. Rhe1 Kf7 16. Nf3 Nxf3 17. gxf3 e5 $11 {1/2-1/
2 Christiansen,L (2585)-Benjamin,J (2556)/ICC INT 2010 (42)}) 7... Be6 8. Bd3
Be3 9. Na4 Qa5+ 10. b4 Qxa4 11. Bxe3 Qxb4+ 12. Bd2 Qa4 13. Rb1 Nd7 14. Rxb7 Ne7
15. Bb4 c5 16. Bxc5 Qc6 17. Bxe7 Qxb7 18. Bd6 Qb6 19. a4 $14 {1-0 Bosiocic,M 
(2503)-Predojevic,B (2651)/Plovdiv 2008 (36)}) 7. Nf3 Nd7 8. Bd3 (8. Nd4 Nxe5 (
8... O-O-O 9. Nxe6 fxe6 10. Qg4 Bc5 11. Bc4 Ne7 12. Rf1 Ng6 13. Bxe6 Ngxe5 14.
Qg3 Bd4 15. Ne2 $14) 9. Nxe6 fxe6 10. Qh5+ Ng6 11. Bd3 O-O-O $11) 8... Ne7 {
Ragger is still improving in his chess development. His patient method of
counterplay against the e5-pawn makes a very logical impression.} 9. Qe2 $6 (9.
Na4 Qa5+ (9... Qc7 10. O-O O-O-O $11) 10. Qd2 Qxd2+ 11. Bxd2 Ng6 12. Nd4 Ngxe5
13. Nxe6 fxe6 $11) 9... Ng6 10. Bd2 Ndxe5 (10... Qxb2 11. Rb1 Qa3 12. Rxb7 Bb4
13. Nb1 Qc1+ 14. Qd1 Qxd1+ 15. Kxd1 Bc5 16. Nc3 $11) 11. Nd5 $2 {Polgar's
solution to positional problems is often tied to a tactical mess created on
the board. The sharp blow in the centre has no positional grounds, it was
better to live with relative failure and castle.} (11. O-O-O O-O-O 12. Kb1 $15)
11... Nxd3+ $6 {Black did not find the courage to seize the tigress by the
tail and refute her main line. Objectively the best was to daringly take the
pawn b2 with a nearly winning position.} (11... Qxb2 $1 12. Bc3 (12. O-O cxd5
13. Bb5+ Kd8 14. exd5 Nxf3+ 15. Qxf3 Qxb5 16. dxe6 fxe6 $19) 12... Nxf3+ 13.
gxf3 Bb4 14. O-O (14. Kd2 cxd5 $19) 14... Bxc3 15. Rab1 Bd4+ 16. Kh1 Qxa2 17.
Nc7+ Kd8 18. Nxa8 Kc8 $19) 12. cxd3 (12. Qxd3 cxd5 $19) 12... cxd5 13. exd5
Qxb2 14. O-O $2 {White plays consequently and refuses to bow her head and live
with a clear disadvantage after the best move 14.Rd1.} (14. Rd1 Nf4 15. Bxf4
Qxe2+ 16. Kxe2 Bxd5 $17) 14... Nf4 15. Qe4 Nxd5 16. Rab1 (16. Rfb1 Qf6 17. Bg5
Qc3 $19) 16... Qa3 17. Rxb7 Nf6 {Black enjoys the advantage of an extra piece,
but all the white pieces are in attacking squares. The danger should not be
underestimated and thus the defender has abstained from the best line 17...Qa6.
} (17... Qa6 18. Rxf7 (18. Rfb1 Bc5+ 19. d4 Nf6 20. Qe1 Bb6 21. Rxf7 Bxd4+ 22.
Nxd4 Kxf7 23. Nxe6 Qxe6 24. Rb7+ Nd7 $19) 18... Kxf7 19. Ng5+ (19. Nd4+ Nf6 20.
Qxa8 Bc5 21. Qxh8 Bxd4+ 22. Kh1 Qxd3 $19) 19... Kg8 20. Nxe6 Qc6 $19) 18. Qc6+
Nd7 19. d4 {Judit is not willing to play the sad endgame after 19.Rxd7 and
prefers to fish in murky waters a piece down.} (19. Rxd7 Qc5+ 20. Qxc5 Bxc5+
21. d4 Kxd7 22. dxc5 Rhc8 23. Rc1 f6 $17) 19... Qd6 20. Qa4 Qd5 21. Rfb1 (21.
Rxa7 Rxa7 22. Qxa7 Be7 $19) 21... Bd6 22. Qa6 Be7 {Ragger could have castled,
since the charming combination linked with the move of the knight to c5 would
promise him a winning counter attack.} (22... O-O $5 23. R1b5 Nc5 $1 24. dxc5 (
24. Qa5 a6 25. Rxc5 Qxb7 $19) 24... Bxc5+ 25. Kh1 (25. Kf1 Qd3+ 26. Ke1 Rfe8
$19) 25... Qd3 26. h3 Qf1+ 27. Kh2 Bd5 $19) 23. R1b5 Qe4 (23... Qxa2 24. Qc6
Qc4 25. d5 Bc5+ 26. Rxc5 Qxc5+ 27. Qxc5 Nxc5 28. Rb5 Bxd5 29. Rxc5 Bxf3 30.
gxf3 Kd7 $19) 24. Rxd7 Bxd7 25. Re5 Qb1+ 26. Kf2 {Yet another moment, when
White firmly refuses the transition to the lost endgame without a trace of
hope.} (26. Re1 Qb6 27. Qxb6 axb6 28. Bb4 Be6 29. Bxe7 Kxe7 30. d5 Rxa2 $19)
26... Qb6 27. Qe2 (27. Qxb6 axb6 28. Bb4 Be6 29. Bxe7 Kxe7 30. d5 Rxa2+ $19)
27... O-O {Black could not wait for the moment, when he will finally be able
to remove the king from the centre and when the main danger from the fierce
attacker will be over. The stronger line was to punish White with the cool
move 27...Be6.} (27... Be6 28. Be3 Qb7 29. d5 Bxd5 30. Bc5 Be6 31. Bxe7 Qxe7
32. Qb5+ Qd7 $19) 28. Rxe7 Be6 29. Qe5 {Polgar is diligently looking for some
chances. Unfortunately the more tempting centralisation of the queen did not
help either.} (29. Qe4 Rad8 (29... Rae8 30. Ng5 g6 31. Qh4 h5 32. Nf3 Bxa2 $19)
30. Be3 Bd5 $17) 29... Rad8 30. a4 Qb2 31. Kg3 (31. Rxa7 Bd5 $19) 31... Qb3 32.
Rxa7 Rd5 33. Qf4 g5 $1 {Black has finally decided to solve the task of
realising his advantage in a radical fashion. The weakening of the king is
worth the win of a piece, as White's forces for any counterattack are depleted.
} 34. Qc7 (34. Qf6 Rf5 35. Qe7 g4 $19) 34... g4 35. Rb7 Qd3 36. Rb8 gxf3 37.
Rxf8+ Kxf8 38. Bh6+ Ke8 39. Qc6+ Ke7 {Not every player would have the lion
heart to fight on without restraint. Unfortunatelly in this game Polgar had no
trumps in her hand...} (39... Ke7 40. Qc7+ Kf6 $19) 0-1